[Event "FRA-ch U12 Girls"]
[Site "Le Grand Bornand"]
[Date "2007.04.??"]
[Round "3"]
[White "Casanova, Mathilde"]
[Black "Henry, Laura"]
[Result "0-1"]
[WhiteElo "1290"]
[BlackElo "1606"]
[PlyCount "56"]
[EventDate "2007.04.07"]
[EventType "swiss"]
[EventRounds "9"]
[EventCountry "FRA"]
[SourceTitle "CBM 118 Extra"]
[Source "ChessBase"]
[SourceDate "2007.07.04"]
[SourceVersion "1"]
[SourceVersionDate "2007.07.04"]
[SourceQuality "1"]

1. d4 d5 2. c4 e6 3. Nc3 Nf6 4. Bf4 Bb4 5. Bg5 0-0 6. Nf3 h6 7. Bd2 Nc6 8. e3 Re8 9. Bd3 a6 10. Ne5 Nxe5 11. dxe5 Nd7 12. a3 Nc5 13. Qc2 Ba5 14. 0-0 Nxd3 15. Qxd3 dxc4 16. Qxd8 Rxd8 17. Rfd1 b5 18. Ne4 Bb6 19. Bb4 Bb7 20. Nc5 Rxd1+ 21. Rxd1 Bc6 22. b3 a5 23. bxc4 axb4 24. axb4 bxc4 25. Rc1 Bd5 26. Nd7 Bc6 27. Nxb6 cxb6 28. Rxc4 Ra1+ 0-1